00454nmm a2200157Ia 4500008004100000041000800041100003000049245002600079264005100105300001800156490001400174650003000188856005200218942000700270999001900277251105s9999||||xx |||||||||||||||||und|| aspa aSánchez, Manuel Gerardo 0aEn verano duele más a[Madrid, España] :bEditorial Egales, c2023 a240 páginas aNarrativa aLatin American literature uhttps://public.digitaliapublishing.com/a/133365 cCF c100283d100283